01367 2200397 4500001002100000005001500021035002000036007000300056008004100059020002200100082001400122084001600136100003000152245023100182250003400413300004600447650001800493650002200511700003300533700002800566700003100594700002800625700003700653700003100690700003300721264003600754336002100790337003000811338002300841040002200864090001800886850001200904041001300916990002000929990002000949INLIS00000000085370920191210031947 a0010-1219000395ta191210s2018 jkia g | jpn d a978-602-477-007-504223a495.6 a495.6 HIR m3 aHiromi, KijimaePengarang10aMarugoto Bahasa dan kebudayaan Jepang :btingkat dasar 2 A2 pemahaman /cHiromi Kijima, Tomoyo Shibahara, Naomi Hatta, Naoyuki Kitani, Makoto Nezu; penerjemah, Indah Revita Octavia; penyunting, Adeline Bangun, Yayat Sri Hayati aCetakan pertama, Agustus 2018 a200 halaman :bilustasi berwarna ;c28 cm 4aBahasa Jepang 4aKebudayaan Jepang3 aTomoyo, ShibaharaePengarang3 aNaomi, HattaePengarang3 aNaoyuki, KitaniePengarang3 aMakoto, NezuePengarang0 aIndah Revita OctaviaePenerjemah0 aAdeline BangunePenyunting0 aYayat Sri HayatiePenyunting aJakarta :bKesaint Blanc,c2018 2rdacontentateks 2rdamediaatanpa perantara 2rdacarrieravolume aYOPDYOGbinderda aQ 495.6 HIR m aYOPDYOG1 aindhjpn a63545-PD/A.2019 a63546-PD/A.2019